[Event "World Youth U-16 Olympiad 2018"]
[Site "Konya"]
[Date "2018.11.30"]
[Round "6"]
[White "Gholami Orimi, Mahdi"]
[Black "Tsaruk, Maksim"]
[Result "1-0"]
[WhiteElo "2326"]
[BlackElo "2215"]
[Annotator "TA"]
[PlyCount "173"]
[EventDate "2018.11.25"]
[EventType "team-tourn"]
[EventCountry "TUR"]
[SourceTitle "playchess.com"]
[Source "ChessBase"]
[SourceQuality "1"]
[WhiteTeam "Iran"]
[BlackTeam "Belarus"]
[WhiteTeamCountry "IRI"]
[BlackTeamCountry "BLR"]

1. d4 Nf6 2. c4 e6 3. Nc3 d5 4. cxd5 exd5 5. Bg5 Be7 6. e3 O-O 7. Bd3 c6 8. Qc2 Nbd7 9. Nge2 h6 10. Bh4 Re8 11. f3 Nf8 12. O-O b6 13. Rad1 Bb7 14. Kh1 Nh5 15. Bf2 Ne6 16. Qd2 a6 17. Bb1 b5 18. a3 a5 19. Qc2 g6 20. f4 Neg7 21. f5 gxf5 22. Ng3 Nxg3+ 23. Bxg3 Bc8 24. Ne2 Bd7 25. Rf3 Bg5 26. Nf4 Rc8 27. Rdf1 Qe7 28. Nd3 Be6 29. Qf2 Nh5 30. Nc5 Ng7 31. Be5 Bf6 32. Bxf6 Qxf6 33. g4 Rcd8 34. gxf5 Bc8 35. e4 dxe4 36. Nxe4 Rxe4 37. Bxe4 Rxd4 38. Qe3 c5 39. Rg1 Kh7 40. Rg6 Qh4 41. Rh3 Rd1+ 42. Kg2 Rd2+ 43. Kh1 Rd1+ 44. Rg1 Rxg1+ 45. Kxg1 Qf6 46. Qc3 Ne8 47. Qxc5 Nd6 48. Bd3 Bxf5 49. Rf3 Qg6+ 50. Rg3 Qf6 51. Qf2 Qe5 52. Re3 Qd5 53. Bxf5+ Nxf5 54. Rf3 Kg6 55. h3 h5 56. Rf4 Qe5 57. Qg2+ Kf6 58. Qe4 Qc5+ 59. Kh2 a4 60. h4 Qe5 61. Qxe5+ Kxe5 62. Rf2 f6 63. Kh3 Ne3 64. Rd2 f5 65. Rd8 Nc4 66. Rb8 Nd6 67. Rh8 Nc4 68. Rb8 Nd6 69. Rh8 Nc4 70. Rxh5 Nxb2 71. Rh8 Nc4 72. h5 Kf6 73. Rg8 Kf7 74. Rg5 b4 75. axb4 a3 76. h6 a2 77. Rg7+ Kf6 78. Ra7 Kg6 79. Rxa2 Kxh6 80. Rc2 Ne3 81. Rc6+ Kg5 82. b5 f4 83. b6 f3 84. Kg3 Nf5+ 85. Kf2 Kf4 86. b7 Ne3 87. b8=Q+ 1-0

[Event "World Youth U-16 Olympiad 2018"]
[Site "Konya"]
[Date "2018.11.30"]
[Round "6"]
[White "Ceres, Dragos"]
[Black "Santos, Jose Guilherme B Li"]
[Result "0-1"]
[WhiteElo "2324"]
[BlackElo "2113"]
[Annotator "TA"]
[PlyCount "90"]
[EventDate "2018.11.25"]
[EventType "team-tourn"]
[EventCountry "TUR"]
[SourceTitle "playchess.com"]
[Source "ChessBase"]
[SourceQuality "1"]
[WhiteTeam "Moldova"]
[BlackTeam "Portugal"]
[WhiteTeamCountry "MDA"]
[BlackTeamCountry "POR"]

1. e4 c5 2. Nf3 Nf6 3. d3 d6 4. g3 Nc6 5. Bg2 g6 6. O-O Bg7 7. Re1 O-O 8. Nbd2 Rb8 9. c3 Nd7 10. Nf1 b5 11. a3 a5 12. Be3 Nb6 13. Qd2 Re8 14. Bh6 Bh8 15. h4 a4 16. h5 Na5 17. hxg6 hxg6 18. Rad1 Nb3 19. Qc2 e5 20. Be3 Qe7 21. N3h2 Be6 22. f4 b4 23. axb4 cxb4 24. Qf2 exf4 25. gxf4 bxc3 26. bxc3 Bxc3 27. f5 gxf5 28. exf5 Bd7 29. Qg3+ Kh8 30. Qh3+ Kg8 31. Re2 Qf6 32. Ng4 Qh8 33. Qg3 Rxe3 34. Nfxe3 Bb4 35. Nf6+ Kf8 36. Ned5 Bc5+ 37. Kf1 Bxf5 38. d4 Nxd4 39. Rf2 Be6 40. Re1 Nxd5 41. Nxd5 Nf5 42. Rxf5 Bxf5 43. Qf3 Qh2 44. Qxf5 Qg1+ 45. Ke2 Rb2+ 0-1

[Event "World Youth U-16 Olympiad 2018"]
[Site "Konya"]
[Date "2018.11.30"]
[Round "6"]
[White "Huang, Renjie"]
[Black "Petriashvili, Nikoloz"]
[Result "1/2-1/2"]
[WhiteElo "2322"]
[BlackElo "2389"]
[Annotator "TA"]
[PlyCount "64"]
[EventDate "2018.11.25"]
[EventType "team-tourn"]
[EventCountry "TUR"]
[SourceTitle "playchess.com"]
[Source "ChessBase"]
[SourceQuality "1"]
[WhiteTeam "China"]
[BlackTeam "Georgia"]
[WhiteTeamCountry "CHN"]
[BlackTeamCountry "GEO"]

1. e4 c6 2. d4 d5 3. Nc3 g6 4. e5 h5 5. Nf3 Bg4 6. h3 Bxf3 7. Qxf3 e6 8. Be3 Nd7 9. O-O-O Bh6 10. Bd3 Qe7 11. g4 O-O-O 12. Kb1 a6 13. Ne2 Rf8 14. gxh5 Bxe3 15. fxe3 Rxh5 16. Nf4 Rh8 17. e4 g5 18. exd5 exd5 19. Nxd5 cxd5 20. Qxd5 Rh6 21. Be4 Rb6 22. Bf5 Rb5 23. Qg2 Kb8 24. c4 Rb4 25. Bd3 f6 26. a3 Rb6 27. c5 Nxc5 28. dxc5 Qxc5 29. Qg1 Rc8 30. Bf5 Rxb2+ 31. Kxb2 Qc3+ 32. Ka2 Qc4+ 1/2-1/2

[Event "World Youth U-16 Olympiad 2018"]
[Site "Konya"]
[Date "2018.11.30"]
[Round "6"]
[White "Pour Agha Bala, Amirreza"]
[Black "Badelka, Olga"]
[Result "1-0"]
[WhiteElo "2319"]
[BlackElo "2390"]
[Annotator "TA"]
[PlyCount "97"]
[EventDate "2018.11.25"]
[EventType "team-tourn"]
[EventCountry "TUR"]
[SourceTitle "playchess.com"]
[Source "ChessBase"]
[SourceQuality "1"]
[WhiteTeam "Iran"]
[BlackTeam "Belarus"]
[WhiteTeamCountry "IRI"]
[BlackTeamCountry "BLR"]

1. e4 c5 2. Nf3 Nc6 3. Bb5 e6 4. Bxc6 bxc6 5. b3 d6 6. e5 f6 7. exd6 Bxd6 8. Nc3 Ne7 9. Ba3 e5 10. Ne4 Bg4 11. Qe2 Nd5 12. O-O-O Be7 13. Qc4 Nf4 14. h3 Bxf3 15. gxf3 Qd4 16. d3 f5 17. Ng3 Rf8 18. Qa6 Rf6 19. Bb2 Qxf2 20. Nxf5 Rd8 21. Nxe7 Kxe7 22. Kb1 Ng6 23. Rhf1 Qg2 24. Qxa7+ Kf8 25. Qxc5+ Kg8 26. h4 Rxf3 27. Rg1 Qh3 28. Rh1 Qe6 29. h5 Rd5 30. Qb6 Nf8 31. Rde1 Nd7 32. Qd8+ Rf8 33. Qg5 h6 34. Qg3 Rf7 35. Re4 Rf5 36. Rg4 Qe7 37. Rg1 Rf7 38. Rg6 Rd6 39. Rxd6 Qxd6 40. d4 Qd5 41. dxe5 Nc5 42. Qg4 Rd7 43. Qg6 Qf3 44. e6 Rd1+ 45. Rxd1 Qxd1+ 46. Bc1 Qd6 47. Qf7+ Kh7 48. e7 Na4 49. Qf5+ 1-0

[Event "World Youth U-16 Olympiad 2018"]
[Site "Konya"]
[Date "2018.11.30"]
[Round "6"]
[White "Tanriverdi, Enes"]
[Black "Borhy, Marcell"]
[Result "1/2-1/2"]
[WhiteElo "2317"]
[BlackElo "2201"]
[Annotator "RC"]
[PlyCount "147"]
[EventDate "2018.11.25"]
[EventType "team-tourn"]
[EventCountry "TUR"]
[SourceTitle "playchess.com"]
[Source "ChessBase"]
[SourceQuality "1"]
[WhiteTeam "Turkey"]
[BlackTeam "Hungary"]
[WhiteTeamCountry "TUR"]
[BlackTeamCountry "HUN"]

1. d4 d6 2. Nf3 Bg4 3. c4 Nd7 4. Nc3 e5 5. g3 Be7 6. Bg2 c6 7. O-O Qc7 8. b3 Ngf6 9. h3 Bxf3 10. exf3 O-O 11. Bb2 Rfe8 12. Re1 Bf8 13. d5 c5 14. Bf1 g6 15. Bd3 a6 16. Kg2 Nh5 17. Qd2 Rab8 18. h4 f5 19. a3 Bg7 20. b4 Nb6 21. Rac1 Nf6 22. bxc5 Qxc5 23. Qg5 e4 24. fxe4 Ng4 25. Qd2 Ne5 26. Nd1 fxe4 27. Rxe4 Nbd7 28. Bf1 Nf6 29. Re1 Neg4 30. Bd4 Qxa3 31. Nc3 Qa5 32. Rxe8+ Rxe8 33. Qb2 Qc7 34. Rb1 Re7 35. Be2 Nh6 36. Bd3 Nf5 37. Bxf5 gxf5 38. Qa2 Ng4 39. Bxg7 Rxg7 40. Ne2 Ne5 41. Rc1 Qe7 42. Rh1 Nf3 43. Nf4 Qe4 44. Qe2 Nxh4+ 45. Kh2 Nf3+ 46. Kh3 Nd2 47. Qxe4 Nxe4 48. Kg2 Rc7 49. Rh5 Rxc4 50. Rxf5 Kg7 51. Ne6+ Kg6 52. g4 Nc5 53. Nf4+ Kg7 54. Nh5+ Kg8 55. Nf6+ Kf7 56. Nxh7+ Kg6 57. Nf8+ Kg7 58. f3 Rc2+ 59. Kg3 Re2 60. g5 Re8 61. Ne6+ Nxe6 62. dxe6 Rxe6 63. f4 b5 64. Rd5 b4 65. Ra5 d5 66. Rxd5 Rb6 67. Rd7+ Kg8 68. f5 b3 69. f6 b2 70. g6 Rb8 71. Rg7+ Kf8 72. Rh7 Kg8 73. f7+ Kf8 74. Rh8+ 1/2-1/2

[Event "World Youth U-16 Olympiad 2018"]
[Site "Konya"]
[Date "2018.11.30"]
[Round "6"]
[White "Nogerbek, Kazybek"]
[Black "Caputcuoglu, Zeki Berke"]
[Result "1/2-1/2"]
[WhiteElo "2316"]
[BlackElo "2156"]
[Annotator "NA RC"]
[PlyCount "37"]
[EventDate "2018.11.25"]
[EventType "team-tourn"]
[EventCountry "TUR"]
[SourceTitle "playchess.com"]
[Source "ChessBase"]
[SourceQuality "1"]
[WhiteTeam "Kazakhstan"]
[BlackTeam "Turkey"]
[WhiteTeamCountry "KAZ"]
[BlackTeamCountry "TUR"]

1. e4 e5 2. Nf3 Nc6 3. Bb5 a6 4. Ba4 d6 5. O-O Bd7 6. d4 b5 7. Bb3 Nxd4 8. Nxd4 exd4 9. c3 d3 10. Qxd3 Nf6 11. Qg3 Nh5 12. Qe3 Be7 13. e5 O-O 14. Re1 g6 15. e6 fxe6 16. Bxe6+ Bxe6 17. Qxe6+ Rf7 18. a4 Bg5 19. Be3 1/2-1/2

[Event "World Youth U-16 Olympiad 2018"]
[Site "Konya"]
[Date "2018.11.30"]
[Round "6"]
[White "Zhalmakhanov, Ramazan"]
[Black "Adiguzel, Ufuk Alp"]
[Result "1-0"]
[WhiteElo "2316"]
[BlackElo "2019"]
[Annotator "TA"]
[PlyCount "59"]
[EventDate "2018.11.25"]
[EventType "team-tourn"]
[EventCountry "TUR"]
[SourceTitle "playchess.com"]
[Source "ChessBase"]
[SourceQuality "1"]
[WhiteTeam "Kazakhstan"]
[BlackTeam "Turkey"]
[WhiteTeamCountry "KAZ"]
[BlackTeamCountry "TUR"]

1. e4 c5 2. Nf3 e6 3. d4 cxd4 4. Nxd4 Nc6 5. Nc3 Qc7 6. a3 a6 7. Be3 Nf6 8. Be2 b5 9. Nxc6 dxc6 10. f4 Be7 11. e5 Nd5 12. Nxd5 cxd5 13. b4 Bd7 14. Bd4 a5 15. c3 O-O 16. O-O axb4 17. axb4 Ra4 18. Bd3 f5 19. g4 Rfa8 20. Rc1 Ra2 21. Qf3 Qc6 22. Rce1 Bf8 23. Re3 Rb2 24. Re2 Raa2 25. Rxb2 Rxb2 26. Ra1 fxg4 27. Qxg4 Rd2 28. Qh3 g6 29. Qe3 Rb2 30. Qc1 1-0

[Event "World Youth U-16 Olympiad 2018"]
[Site "Konya"]
[Date "2018.11.30"]
[Round "6"]
[White "Mladek, Richard"]
[Black "Fecker, Noah"]
[Result "0-1"]
[WhiteElo "2312"]
[BlackElo "2184"]
[Annotator "NA RC"]
[PlyCount "98"]
[EventDate "2018.11.25"]
[EventType "team-tourn"]
[EventCountry "TUR"]
[SourceTitle "playchess.com"]
[Source "ChessBase"]
[SourceQuality "1"]
[WhiteTeam "Czech Republic"]
[BlackTeam "Switzerland"]
[WhiteTeamCountry "CZE"]
[BlackTeamCountry "SUI"]

1. e4 c5 2. Nf3 e6 3. d4 cxd4 4. Nxd4 Nc6 5. Nc3 Qc7 6. f4 Nxd4 7. Qxd4 a6 8. Be3 b5 9. O-O-O Bb7 10. Bd3 Rc8 11. Rhe1 Qc5 12. g4 Qxd4 13. Bxd4 Ne7 14. e5 h5 15. g5 b4 16. Na4 Nd5 17. Be4 Bc6 18. Nb6 Nxb6 19. Bxb6 Be7 20. Rd2 O-O 21. Bxc6 Rxc6 22. Rxd7 Bxg5 23. Be3 Bh4 24. Red1 Rfc8 25. R1d2 Rc4 26. Kd1 Re4 27. Ke2 g5 28. Kd3 Rec4 29. fxg5 Rg4 30. Rd4 Rxd4+ 31. Bxd4 Kh7 32. Rg2 Kg6 33. Ke4 a5 34. c3 Be1 35. Rg1 Bd2 36. c4 h4 37. Bb6 Rxc4+ 38. Kd3 Rc6 39. Bxa5 Bf4 40. Rg4 Bxh2 41. Rxh4 Bxe5 42. Rxb4 Kxg5 43. Rb5 f6 44. Bc3 Kf4 45. Rb4+ Kf3 46. Bxe5 fxe5 47. Kd2 e4 48. a4 e3+ 49. Kd3 Rd6+ 0-1

[Event "World Youth U-16 Olympiad 2018"]
[Site "Konya"]
[Date "2018.11.30"]
[Round "6"]
[White "Milosevic, Milos"]
[Black "Cohen Revivo, Shoham"]
[Result "1/2-1/2"]
[WhiteElo "2293"]
[BlackElo "2299"]
[Annotator "TA"]
[PlyCount "168"]
[EventDate "2018.11.25"]
[EventType "team-tourn"]
[EventCountry "TUR"]
[SourceTitle "playchess.com"]
[Source "ChessBase"]
[SourceQuality "1"]
[WhiteTeam "Serbia"]
[BlackTeam "Israel"]
[WhiteTeamCountry "SRB"]
[BlackTeamCountry "ISR"]

1. d4 d5 2. Nf3 Nf6 3. c4 c6 4. e3 e6 5. Qc2 Nbd7 6. b3 Bd6 7. Bb2 O-O 8. Nbd2 Qe7 9. Be2 b6 10. O-O Bb7 11. e4 dxe4 12. Nxe4 Nxe4 13. Qxe4 Nf6 14. Qh4 c5 15. Rad1 cxd4 16. Nxd4 Ne4 17. Qxe7 Bxe7 18. Bf3 Bf6 19. Rfe1 Nc5 20. Bxb7 Nxb7 21. Ba3 Rfc8 22. Kf1 a6 23. Bc1 Nc5 24. Bf4 Ra7 25. Nf3 b5 26. cxb5 axb5 27. Rc1 Raa8 28. Be3 Nd3 29. Rxc8+ Rxc8 30. Rd1 Nb4 31. a4 bxa4 32. bxa4 Ra8 33. Rb1 Nd5 34. Bd2 h5 35. a5 Ra6 36. Rb8+ Kh7 37. h4 Kg6 38. Rb7 Nc3 39. Rb3 Ne4 40. Be1 Nd6 41. Ke2 e5 42. Bb4 e4 43. Nd2 Nf5 44. Kd1 Nd4 45. Rg3+ Kf5 46. Nc4 Ke6 47. Re3 Kd5 48. Nb6+ Kc6 49. Rxe4 Ne6 50. Bd2 Bd4 51. f4 Bxb6 52. axb6 Rxb6 53. f5 Kd5 54. Ra4 Nd4 55. f6 Rb1+ 56. Bc1 gxf6 57. Ra3 Kc4 58. Ra4+ Kc3 59. Ra7 Nb3 60. Rc7+ Kd3 61. Rd7+ Ke4 62. Kc2 Rxc1+ 63. Kxb3 Kf5 64. Rxf7 Kg6 65. Rf8 Kg7 66. Rd8 Rh1 67. g3 Rh3 68. Rd3 Kg6 69. Rf3 f5 70. Kc2 f4 71. Rxf4 Rxg3 72. Kd2 Rg4 73. Rxg4+ hxg4 74. Ke3 Kh5 75. Kf2 Kxh4 76. Kg2 g3 77. Kg1 Kg4 78. Kg2 Kf4 79. Kg1 Kf3 80. Kf1 Ke3 81. Kg2 Kf4 82. Kg1 Kf3 83. Kf1 g2+ 84. Kg1 Kg3 1/2-1/2

[Event "World Youth U-16 Olympiad 2018"]
[Site "Konya"]
[Date "2018.11.30"]
[Round "6"]
[White "Kamer, Kayra"]
[Black "Kosakowski, Jakub"]
[Result "1-0"]
[WhiteElo "2290"]
[BlackElo "2413"]
[Annotator "TA"]
[PlyCount "161"]
[EventDate "2018.11.25"]
[EventType "team-tourn"]
[EventCountry "TUR"]
[SourceTitle "playchess.com"]
[Source "ChessBase"]
[SourceQuality "1"]
[WhiteTeam "Turkey"]
[BlackTeam "Poland"]
[WhiteTeamCountry "TUR"]
[BlackTeamCountry "POL"]

1. e4 e5 2. Nf3 Nc6 3. Bb5 a6 4. Ba4 Nf6 5. Bxc6 dxc6 6. d3 Bd6 7. Nbd2 Be6 8. b3 Nd7 9. Bb2 Qe7 10. O-O O-O 11. d4 f6 12. h3 Rad8 13. Qe2 exd4 14. Nxd4 Bc5 15. Nxe6 Qxe6 16. Kh1 Rfe8 17. f4 Bb4 18. c3 Bf8 19. Rf3 Nc5 20. e5 Qd5 21. Nc4 Nd3 22. Raf1 fxe5 23. Nxe5 Nxf4 24. Rxf4 Rxe5 25. Qf2 Ree8 26. Rg4 Rd7 27. c4 Qh5 28. Qf3 Rf7 29. Rxg7+ Bxg7 30. Qxh5 Rxf1+ 31. Kh2 Rf7 32. Bxg7 Kxg7 33. Qg5+ Kf8 34. Qc5+ Kg8 35. Qa7 b6 36. Qxa6 c5 37. Qb7 Kg7 38. Qd5 Re2 39. Qg5+ Kf8 40. a4 Rb2 41. a5 bxa5 42. Qxc5+ Kg8 43. Qg5+ Rg7 44. Qd8+ Kf7 45. Qxc7+ Kg8 46. Qd8+ Kf7 47. Qd5+ Kf8 48. c5 Rf2 49. Kg1 Rb2 50. h4 Ra2 51. h5 h6 52. Qd6+ Kg8 53. Qe6+ Kf8 54. Qe4 Rg5 55. c6 Ra1+ 56. Kf2 Ra2+ 57. Ke3 Rgxg2 58. Qf5+ Ke7 59. c7 Rae2+ 60. Kd4 Rd2+ 61. Kc5 Rg5 62. c8=Q Rc2+ 63. Kb6 Rxc8 64. Qxc8 Rxh5 65. Qh8 Kf7 66. Qd4 Rg5 67. Kc6 Kg6 68. Kd6 Kf5 69. Qa4 h5 70. Qxa5+ Kg4 71. Qb4+ Kg3 72. Qc3+ Kg4 73. Qd4+ Kg3 74. Qe3+ Kg4 75. b4 h4 76. b5 h3 77. Qg1+ Kh5 78. Qd1+ Kh4 79. b6 h2 80. b7 Rb5 81. Qa4+ 1-0

[Event "World Youth U-16 Olympiad 2018"]
[Site "Konya"]
[Date "2018.11.30"]
[Round "6"]
[White "Stefansson, Vignir Vatnar"]
[Black "Hereklioglu, Sude"]
[Result "0-1"]
[WhiteElo "2283"]
[BlackElo "1959"]
[Annotator "ChessBase"]
[PlyCount "84"]
[EventDate "2018.11.25"]
[EventType "team-tourn"]
[EventCountry "TUR"]
[SourceTitle "playchess.com"]
[Source "ChessBase"]
[SourceQuality "1"]
[WhiteTeam "Iceland"]
[BlackTeam "Turkey"]
[WhiteTeamCountry "ISL"]
[BlackTeamCountry "TUR"]

1. d4 Nf6 2. c4 e6 3. Nf3 b6 4. g3 Bb7 5. Bg2 c5 6. d5 exd5 7. Nh4 g6 8. cxd5 d6 9. Nc3 Nbd7 10. O-O a6 11. a4 Bg7 12. e4 O-O 13. Re1 Rc8 14. f4 Re8 15. Nf3 c4 16. e5 dxe5 17. Nxe5 Nxe5 18. fxe5 Nd7 19. e6 fxe6 20. dxe6 Nc5 21. Be3 Bxg2 22. Bxc5 Bc6 23. Bf2 Qf6 24. Qg4 Bf3 25. Qf4 Qxf4 26. gxf4 Rc6 27. e7 Kf7 28. Re3 Bg4 29. Rae1 Bf6 30. Nd5 Bxb2 31. Rb1 Bd4 32. Ree1 Bxf2+ 33. Kxf2 Be6 34. Nb4 Rd6 35. Nxa6 Rxe7 36. Nb4 c3 37. Rbc1 Rc7 38. Ke3 Bb3 39. Nd3 Bxa4 40. Ne5+ Kg7 41. Ra1 b5 42. Rec1 c2 0-1

[Event "World Youth U-16 Olympiad 2018"]
[Site "Konya"]
[Date "2018.11.30"]
[Round "6"]
[White "Csiki, Endre"]
[Black "Can, Isik"]
[Result "0-1"]
[WhiteElo "2282"]
[BlackElo "2382"]
[Annotator "TA"]
[PlyCount "78"]
[EventDate "2018.11.25"]
[EventType "team-tourn"]
[EventCountry "TUR"]
[SourceTitle "playchess.com"]
[Source "ChessBase"]
[SourceQuality "1"]
[WhiteTeam "Hungary"]
[BlackTeam "Turkey"]
[WhiteTeamCountry "HUN"]
[BlackTeamCountry "TUR"]

1. e4 c6 2. d4 d5 3. Nd2 dxe4 4. Nxe4 Bf5 5. Qf3 Bxe4 6. Qxe4 Nf6 7. Qh4 e6 8. Bd3 Nbd7 9. Ne2 Bd6 10. c3 Qc7 11. Bd2 O-O-O 12. O-O-O Kb8 13. Kb1 h6 14. f3 Ka8 15. Bc2 Nb6 16. Bf4 Nc4 17. Bb3 b5 18. Bxd6 Nxd6 19. Qg3 Rhg8 20. Nc1 a5 21. Bc2 Nd5 22. Nd3 Qb6 23. Nc5 Nb7 24. Nxb7 Qxb7 25. f4 Rb8 26. Ka1 Qc7 27. Rhf1 g5 28. Be4 gxf4 29. Qf3 Ne3 30. Bxc6+ Ka7 31. Be4 f5 32. Bb1 Nxd1 33. Rxd1 Rb6 34. a3 b4 35. Ba2 bxc3 36. bxc3 Rxg2 37. c4 Rxa2+ 38. Kxa2 Qxc4+ 39. Ka1 Rb3 0-1

[Event "World Youth U-16 Olympiad 2018"]
[Site "Konya"]
[Date "2018.11.30"]
[Round "6"]
[White "Haring, Filip"]
[Black "Prasitsoonthorn, Teerachoti"]
[Result "1/2-1/2"]
[WhiteElo "2258"]
[BlackElo "1849"]
[Annotator "NA"]
[PlyCount "108"]
[EventDate "2018.11.25"]
[EventType "team-tourn"]
[EventCountry "TUR"]
[SourceTitle "playchess.com"]
[Source "ChessBase"]
[SourceQuality "1"]
[WhiteTeam "Slovakia"]
[BlackTeam "Thailand"]
[WhiteTeamCountry "SVK"]
[BlackTeamCountry "THA"]

1. e4 d6 2. d4 Nf6 3. Nc3 e5 4. Nf3 Nbd7 5. Bc4 Be7 6. O-O O-O 7. h3 c6 8. a4 b6 9. Re1 Bb7 10. Ba2 a6 11. d5 b5 12. Bg5 b4 13. Nb1 Nc5 14. Bxf6 Bxf6 15. c3 a5 16. dxc6 Bxc6 17. Bd5 Qd7 18. Bxc6 Qxc6 19. Nbd2 bxc3 20. bxc3 Rfd8 21. Qc2 Rac8 22. Re3 d5 23. exd5 Qxd5 24. c4 Qd7 25. Ne4 Nxe4 26. Rxe4 Qc7 27. Rae1 Re8 28. Qc3 Re6 29. Nxe5 Rce8 30. f4 Bh4 31. g3 Bf6 32. c5 g6 33. c6 Qb6+ 34. Kg2 Rc8 35. Rc4 Bxe5 36. Rxe5 Rexc6 37. Rxc6 Qxc6+ 38. Qxc6 Rxc6 39. Rxa5 Rc2+ 40. Kf3 Rc3+ 41. Kg4 h5+ 42. Kh4 Rc4 43. Kg5 Kg7 44. Ra7 Rc5+ 45. Kh4 Rc4 46. a5 Kh6 47. Ra6 Ra4 48. Rf6 Kg7 49. Kg5 Rxa5+ 50. f5 Ra3 51. g4 Ra5 52. Rb6 hxg4 53. hxg4 gxf5 54. gxf5 Rc5 1/2-1/2

[Event "World Youth U-16 Olympiad 2018"]
[Site "Konya"]
[Date "2018.11.30"]
[Round "6"]
[White "Berdnyk, Mariia"]
[Black "Gorti, Akshita"]
[Result "1/2-1/2"]
[WhiteElo "2254"]
[BlackElo "2308"]
[Annotator "NA"]
[PlyCount "59"]
[EventDate "2018.11.25"]
[EventType "team-tourn"]
[EventCountry "TUR"]
[SourceTitle "playchess.com"]
[Source "ChessBase"]
[SourceQuality "1"]
[WhiteTeam "Ukraine"]
[BlackTeam "United States"]
[WhiteTeamCountry "UKR"]
[BlackTeamCountry "USA"]

1. c4 e5 2. g3 c6 3. d4 e4 4. Nc3 d5 5. Bg2 Nf6 6. f3 Bb4 7. Bg5 Nbd7 8. fxe4 Bxc3+ 9. bxc3 dxe4 10. Nh3 h6 11. Bc1 O-O 12. O-O Nb6 13. c5 Nbd5 14. Qb3 Ng4 15. Bxe4 Nge3 16. Bxe3 Bxh3 17. Bxd5 Bxf1 18. Bxf7+ Rxf7 19. Rxf1 Qd5 20. Rxf7 Qxf7 21. Bf4 b5 22. Qxf7+ Kxf7 23. e4 Ke6 24. Bd6 a5 25. a3 Ra7 26. Kf2 Rf7+ 27. Ke2 g5 28. Be5 h5 29. Bd6 a4 30. Be5 1/2-1/2

[Event "World Youth U-16 Olympiad 2018"]
[Site "Konya"]
[Date "2018.11.30"]
[Round "6"]
[White "Wang, Wesley"]
[Black "Galperin, Platon"]
[Result "0-1"]
[WhiteElo "2248"]
[BlackElo "2334"]
[Annotator "ChessBase"]
[PlyCount "64"]
[EventDate "2018.11.25"]
[EventType "team-tourn"]
[EventCountry "TUR"]
[SourceTitle "playchess.com"]
[Source "ChessBase"]
[SourceQuality "1"]
[WhiteTeam "United States"]
[BlackTeam "Ukraine"]
[WhiteTeamCountry "USA"]
[BlackTeamCountry "UKR"]

1. e4 e5 2. Nf3 Nc6 3. Bc4 Bc5 4. b4 Bxb4 5. c3 Be7 6. d4 Na5 7. Be2 d6 8. Qa4+ c6 9. dxe5 dxe5 10. Nxe5 Nf6 11. O-O b5 12. Qc2 Qc7 13. Nf3 O-O 14. Nbd2 Bg4 15. c4 b4 16. Bb2 Nd7 17. Rfe1 Bh5 18. c5 Bxc5 19. e5 Bg6 20. Ne4 Be7 21. Bd3 Rfd8 22. h4 Nf8 23. h5 Bxh5 24. Nf6+ gxf6 25. exf6 Bd6 26. Re4 Bg6 27. Rg4 Bf4 28. Nh4 Qd7 29. Bf5 Qd2 30. Nxg6 Nxg6 31. Bxg6 hxg6 32. Rxg6+ Kh8 0-1

[Event "World Youth U-16 Olympiad 2018"]
[Site "Konya"]
[Date "2018.11.30"]
[Round "6"]
[White "Semjonovs, Ilja"]
[Black "Brilej, Jaka"]
[Result "1-0"]
[WhiteElo "2245"]
[BlackElo "2101"]
[Annotator "NA RC"]
[PlyCount "41"]
[EventDate "2018.11.25"]
[EventType "team-tourn"]
[EventCountry "TUR"]
[SourceTitle "playchess.com"]
[Source "ChessBase"]
[SourceQuality "1"]
[WhiteTeam "Latvia"]
[BlackTeam "Slovenia"]
[WhiteTeamCountry "LAT"]
[BlackTeamCountry "SLO"]

1. Nf3 f5 2. d3 Nf6 3. e4 d6 4. Nc3 e5 5. exf5 Bxf5 6. d4 Nbd7 7. Bc4 Qe7 8. O-O O-O-O 9. Re1 h6 10. dxe5 dxe5 11. Qe2 e4 12. Nd4 Bh7 13. Ne6 Re8 14. Bf4 g5 15. Bg3 c6 16. Red1 Bf5 17. Bd6 Qh7 18. Nxf8 Nxf8 19. Qe3 b5 20. Qc5 Kb7 21. Nxb5 1-0

[Event "World Youth U-16 Olympiad 2018"]
[Site "Konya"]
[Date "2018.11.30"]
[Round "6"]
[White "Boyer, Mahel"]
[Black "Faerber, David"]
[Result "1/2-1/2"]
[WhiteElo "2235"]
[BlackElo "2291"]
[Annotator "ChessBase"]
[PlyCount "91"]
[EventDate "2018.11.25"]
[EventType "team-tourn"]
[EventCountry "TUR"]
[SourceTitle "playchess.com"]
[Source "ChessBase"]
[SourceQuality "1"]
[WhiteTeam "France"]
[BlackTeam "Germany"]
[WhiteTeamCountry "FRA"]
[BlackTeamCountry "GER"]

1. d4 d5 2. c4 c6 3. cxd5 cxd5 4. Bf4 Nc6 5. e3 Nf6 6. Nc3 Bf5 7. Qb3 Na5 8. Qa4+ Bd7 9. Qc2 e6 10. Nf3 Be7 11. Bd3 O-O 12. O-O Nc6 13. a3 Rc8 14. Rac1 a6 15. Ne5 Be8 16. Qe2 Bd6 17. Bg3 Ne7 18. Bh4 Ng6 19. Bxg6 hxg6 20. f4 Be7 21. Rc2 Bc6 22. Rfc1 Qd6 23. Be1 Rc7 24. Nxc6 Rxc6 25. Na4 Rfc8 26. Bb4 Rxc2 27. Rxc2 Rxc2 28. Qxc2 Qd8 29. Bxe7 Qxe7 30. g3 Ne4 31. Qc8+ Kh7 32. Nc5 Nd6 33. Qb8 Nc4 34. Qxb7 Qxb7 35. Nxb7 Nxb2 36. Nc5 Nc4 37. Nxa6 Nxa3 38. Kf2 Nc4 39. g4 Nd6 40. Nc5 Kg8 41. Kf3 Kf8 42. e4 dxe4+ 43. Nxe4 Nb5 44. Ke3 Ke7 45. Kd3 Nc7 46. Nc3 1/2-1/2

[Event "World Youth U-16 Olympiad 2018"]
[Site "Konya"]
[Date "2018.11.30"]
[Round "6"]
[White "Lazavik, Denis"]
[Black "Daghli, Arash"]
[Result "1-0"]
[WhiteElo "2235"]
[BlackElo "2352"]
[Annotator "TA"]
[PlyCount "87"]
[EventDate "2018.11.25"]
[EventType "team-tourn"]
[EventCountry "TUR"]
[SourceTitle "playchess.com"]
[Source "ChessBase"]
[SourceQuality "1"]
[WhiteTeam "Belarus"]
[BlackTeam "Iran"]
[WhiteTeamCountry "BLR"]
[BlackTeamCountry "IRI"]

1. d4 Nf6 2. c4 e6 3. Nf3 Bb4+ 4. Bd2 a5 5. g3 d6 6. Bg2 Nbd7 7. Nc3 O-O 8. O-O e5 9. Qc2 Re8 10. e4 exd4 11. Nxd4 Ne5 12. b3 Bc5 13. Nce2 c6 14. Rad1 h6 15. h3 Bd7 16. Be3 Qc7 17. Nc3 Rad8 18. f4 Ng6 19. Bf2 Bb4 20. Na4 c5 21. Nb5 Bxb5 22. cxb5 Qe7 23. Nb6 Nf8 24. Qb2 Nxe4 25. Nd5 Qd7 26. a3 Nxf2 27. Kxf2 Bxa3 28. Qxa3 Qxb5 29. Kg1 Rc8 30. f5 Re5 31. f6 Ng6 32. fxg7 Kxg7 33. Rf2 Rf8 34. Rdf1 Qd3 35. Nf6 Qd4 36. Kh2 Rd8 37. Ng4 Re7 38. Qc1 Rh8 39. Rd2 Qb4 40. Qb2+ Ne5 41. Ne3 Re6 42. Rxd6 Rhe8 43. Rxe6 Rxe6 44. Bd5 1-0